Sports Quiz

Random Sports or Famous Quiz

Soccer Players by First Names Quiz Stats

 Plays Quiz Updated Jul 13, 2019

Score 0/24 Timer 05:00
100 Plays Today
% Correct
LIONEL Messi
96.2%
CRISTIANO Ronaldo
96.2%
WAYNE Rooney
95.1%
N'GOLO Kanté
94.6%
ZLATAN Ibrahimović
94.1%
HARRY Kane
93.9%
MOHAMED Salah
93.8%
LUIS Suárez
93.2%
LUKA Modrić
92.9%
GARETH Bale
92.7%
MESUT Özil
92.2%
KEVIN De Bruyne
91.4%
% Correct
EDEN Hazard
91.2%
GIANLUIGI Buffon
91.2%
PAUL Pogba
90.8%
ANDRÉS Iniesta
90.4%
ÁNGEL Di María
90.4%
ANTOINE Griezmann
89.9%
SERGIO Ramos
89.6%
FRANCESCO Totti
88.8%
MANUEL Neuer
87.9%
PIERRE-EMERICK
Aubameyang
87.4%
ROBERT Lewandowski
87.4%
CHRISTIAN Pulisic
82.7%

You're not logged in!

Compare scores with friends on all Sporcle quizzes.
OR
Log In

Sporcle TV

Today on Sporcle TV


Watch our educational content, quiz creation guides, and fun videos on Sporcle TV.

Show Comments

Extras

Top Quizzes Today


Score Distribution

Your Account Isn't Verified!

In order to create a playlist on Sporcle, you need to verify the email address you used during registration. Go to your Sporcle Settings to finish the process.

Report this User

Report this user for behavior that violates our Community Guidelines.

Details: